| 000 | 00497cam a2200193 4500 | ||
|---|---|---|---|
| 001 | D2559 | ||
| 008 | 090401t1985 xxu||||| |||| 00| 0 eng d | ||
| 035 | _a(Sirsi) u69593 | ||
| 041 | _aeng | ||
| 050 | _a692.9 | ||
| 110 |
_aCommittee of Associations of Specialist Engineering Contractors _92493 |
||
| 245 | _aNomination and the building process | ||
| 260 |
_aLondon _bCASEC _c1985 |
||
| 300 | _a9p. 30cm. Gratis | ||
| 350 | _a0 | ||
| 520 | _aCover title | ||
| 942 | _n0 | ||
| 948 | _c04/03/1997 | ||
| 999 |
_c95216 _d95216 |
||